000 00490nam a2200181Ia 4500
008 100920s9999 xx 000 0 und d
082 _b14680
_a8 थ 63
100 _aLAMB HAROLD.
245 _aTHEODORA AND THE EMPEROR.
260 _bBANTAM BOOKS.
_c1963
300 _a246
_bसाधी
365 _b0
520 _aहिस्ट्नी.
630 _aTHEODORA AND THE EMPEROR.
650 _aहिस्ट्नी.
730 _aTHEODORA AND THE EMPEROR.
942 _cBOOK
999 _c678606
_d678603